[Event "FRA-ch Veterans"]
[Site "France"]
[Date "1996.??.??"]
[Round "?"]
[White "Vaquier, Albert"]
[Black "Lahuppe, Edmond"]
[Result "0-1"]
[WhiteElo "2690"]
[BlackElo "1780"]
[PlyCount "50"]
[EventDate "1996.??.??"]
[EventType "swiss"]
[EventRounds "9"]
[EventCountry "FRA"]
[SourceTitle "EXT 2004"]
[Source "ChessBase"]
[SourceDate "2003.11.25"]
[SourceVersion "1"]
[SourceVersionDate "2003.11.25"]
[SourceQuality "1"]

1. e4 d6 2. Nf3 Nf6 3. Nc3 c6 4. d4 Bg4 5. h3 Bh5 6. g4 Bg6 7. Bd3 e6 8. Be3 Be7 9. Qd2 Nbd7 10. 0-0-0 b5 11. Kb1 a5 12. e5 Nd5 13. Nxd5 exd5 14. Bxg6 hxg6 15. Bf4 dxe5 16. Nxe5 Nxe5 17. Bxe5 0-0 18. Bg3 b4 19. h4 a4 20. Rh2 Qb6 21. g5 b3 22. cxb3 axb3 23. axb3 Qxb3 24. Qc2 Ra1+ 25. Kxa1 Qxc2 0-1